1173 1964 1982 1255 1375 1456 1888 1032 1568 1844 1521 1338 1754 1086 1361 1711 1335 1847 1143 1187 1957 1003 1493 1360 1150 1157 1062 1801 1881 1256 1290 1778 1642 1942 1727 1303 1772 1526 1342 1327 1089 1163 1981 1969 1852 1103 1191 1768 1506 1618 1839 1915 1227 1877 1327 1062 1689 1569 1191 1530 1762 1185 1516 1787 1664 1254 1326 1114 1611 1123 1195 1355 1413 1553 1461 1648 1717 1175 1787 1254 1367 1954 1678 1246 1059 1226 1557 1138 1505 1574 1775 1189 1054 1725 1327 1291 1488 1387 1313 BCNSPRNW ULIB Ver.6.0+V

เปลี่ยนเป็นภาษาไทย

Change to English
 แสดงรายละเอียดบรรณานุกรม
  กลับหน้าหลัก

Brief Record : Get Marc (ISO 2709) : E-mail record : QR code < ปิดหน้าต่าง
LEADER : 00000nam 2200000uu 4500
001    13399128668
003     ULIB
008    230928s||||||||th 000 0 tha d
020    ^a9786163920607
060    ^aWS440^bV112น
100    ^a^ Vacharobon Thirakhupt
245    ^aนิทานสุภาษิต 2 ภาษา (ไทย-อังกฤษ) สอนให้เด็ก ๆ รู้จักระมัดระวังอันตรายจากคนแปลกหน้า นกกระยางเจ้าเล่ห์ : The Tricky Egret
250    ^aพิมพ์ครั้งที่ 1
260    ^aกรุงเทพฯ :^bโลกหนังสือ,^c2560
300    ^a10 หน้า;^c19 ซม.
650    ^aนิทานเด็ก
650    ^aเด็ก-พัฒนาการ
945    ^p50^l0^i30040
999    ^aกัณชพร จุลอักษร
รายการนี้ยังไม่มีแท็ก
คุณยังไม่ได้ล็อกอิน คุณสามารถมีกิจกรรมร่วมกับเว็บไซต์ได้ แต่ต้องล็อกอินก่อน ::
  ล็อกอิน

รายการสื่อสารสนเทศ

ลำดับที่ ประเภท เลขเรียก/บาร์โค้ด สถานที่ สถานะ
1. วิทยาศาสตร์การแพทย์ และสุขภาพ
วิทยาศาสตร์การแพทย์ และสุขภาพ
WS440 V112น ฉ.1 
  Barcode: 30040
ห้องสมุดวิทยาเขตนครสวรรค์
►หนังสือทั่วไป:l:General Books
บนชั้น

รายการใกล้เคียง
    ชื่อเรื่อง [นิทานสุภาษิต 2 ภาษา (ไทย-อังกฤษ) สอนให้เด็ก ๆ รู้จักระมัดระวังอันตรายจากคนแปลกหน้า นกกระยางเจ้าเล่ห์ : The Tricky Egret]

    ผู้แต่ง [^ Vacharobon Thirakhupt]

    หัวเรื่อง [นิทานเด็ก]
    หัวเรื่อง [เด็ก-พัฒนาการ]

BibComment


ยังไม่เคยถูกคอมเมนท์

คอมเมนท์ทรัพยากรรายการนี้
  คอมเมนท์: นิทานสุภาษิต 2 ภ..


 Copyright 2026. Bcnsprnw @Library